Campeones Internacionales de Red Bull batalla de gallos - Estadísticas

Estadísticas generales
  • Esta prueba ha sido intentada 174 veces
    142 desde el último reinicio
  • La puntuación promedio es 10 de 13
Estadísticas de respuestas
Año Campeon % Correcto
2017 Aczino
95%
2019 Bnet
92%
2018 Wos
92%
2020 Rapder
91%
2016 Skone
91%
2015 Arkano
90%
2013 Dtoke
86%
2014 Invert
84%
2005 Frescolate
83%
2009 Noult
64%
2008 Hadrian
57%
2006 Rayden
56%
2007 Link one
40%
No se encontraron pruebas coincidentes
Distribución de puntuación
Porcentaje de gente con cada puntuación
Porcentaje por número respondido
Historial de tus puntuaciones
No has intentado esta prueba desde el último reinicio